[Event "Perth op"]
[Site "Perth"]
[Date "2023.01.05"]
[Round "6"]
[White "Stokes, Mark"]
[Black "Milner, Anthony James"]
[Result "1-0"]
[WhiteElo "1569"]
[BlackElo "1102"]
[PlyCount "41"]
[EventDate "2023.01.02"]
[EventType "swiss"]
[EventRounds "11"]
[EventCountry "AUS"]
[SourceTitle "CBM 212 Extra"]
[Source "ChessBase"]
[SourceDate "2023.03.31"]
[SourceVersion "1"]
[SourceVersionDate "2023.03.31"]
[SourceQuality "1"]

1. d4 d5 2. e3 Bf5 3. c4 c6 4. Nc3 Nf6 5. Nf3 e6 6. h3 Bb4 7. Qb3 Bxc3+ 8. bxc3 Qc7 9. Ba3 Nbd7 10. Rc1 b6 11. cxd5 exd5 12. c4 Qb7 13. Be2 Ng8 14. cxd5 cxd5 15. Qb4 Rc8 16. Rxc8+ Qxc8 17. Bb5 Kd8 18. 0-0 h5 19. Rc1 Nc5 20. dxc5 Bxh3 21. cxb6 1-0

[Event "Perth op"]
[Site "Perth"]
[Date "2023.01.03"]
[Round "2"]
[White "Milner, Anthony James"]
[Black "Tan, Zhong Kai"]
[Result "0-1"]
[WhiteElo "1102"]
[BlackElo "1923"]
[PlyCount "64"]
[EventDate "2023.01.02"]
[EventType "swiss"]
[EventRounds "11"]
[EventCountry "AUS"]
[SourceTitle "CBM 212 Extra"]
[Source "ChessBase"]
[SourceDate "2023.03.31"]
[SourceVersion "1"]
[SourceVersionDate "2023.03.31"]
[SourceQuality "1"]

1. e4 c5 2. Nf3 Nc6 3. d4 cxd4 4. Nxd4 g6 5. Be3 Nf6 6. Nc3 Bg7 7. g3 d6 8. h3 Bd7 9. f4 0-0 10. Bd3 Qb6 11. Bb5 Qc7 12. Qd2 Nxe4 13. Nxe4 Nxd4 14. Bxd4 Bxb5 15. Bxg7 Kxg7 16. h4 Qc4 17. Nc3 Bc6 18. Rf1 Qe6+ 19. Ne2 Bb5 20. Kf2 Rfc8 21. Nd4 Qd5 22. g4 Rxc2 23. Qxc2 Qxd4+ 24. Kg2 Bxf1+ 25. Rxf1 Qd5+ 26. Kg1 Qc6 27. Qe2 Rc8 28. Qxe7 Re8 29. Qg5 Re2 30. Rf2 Qb6 31. h5 Qxf2+ 32. Kh1 Qg2# 0-1